000 00187 a2200097 4500
020 _a9780446580342
041 _aeng
100 _aBaldacci, david
245 _aSimple genius
942 _cBK
999 _c11540
_d11540